000 00286nam a2200109 a 4500
001 4144
005 20140414131955.0
008 090317s19uu xx 00 eng d
050 _aTR 513.2
_bAd2 2004
245 _aBarbie Addition and subtraction :
_bpractice math skills.
999 _c112899
_d112899